MARC

LEADER 00000nam0a2200000 4500
001 260131
005 20231101233442.0
010 |a 5376003655 
035 |a (RuTPU)RU\TPU\book\283077 
090 |a 260131 
100 |a 20140514d1988 k y0rusy50 ca 
101 0 |a rus 
102 |a MD 
105 |a a z 001zy 
200 1 |a Электромеханическая обработка изделий из титановых сплавов  |f Б. П. Саушкин [и др.]  |g Академия наук Молдавской ССР (АН МССР), Институт прикладной физики ; под ред. А. Г. Атанасянца 
210 |a Кишинев  |c Штиинца  |d 1988 
215 |a 199 с.  |c ил. 
320 |a Библиогр.: с. 178-196. 
606 1 |a Технология металлов  |2 stltpush  |3 (RuTPU)RU\TPU\subj\60152  |9 77641 
610 1 |a титановые сплавы 
610 1 |a изделия 
610 1 |a обработка 
610 1 |a электрохимическая обработка 
610 1 |a конструкционные материалы 
610 1 |a электродные процессы 
610 1 |a моделирование 
610 1 |a новые технологии 
675 |a 621.7/.9.047  |v 3 
701 1 |a Саушкин  |b Б. П.  |g Борис Петрович 
701 1 |a Петров  |b Ю. Н.  |g Юрий Николаевич 
701 1 |a Нистрян  |b А. З.  |g Аркадий Зиновьевич 
701 1 |a Маслов  |b А. В.  |g Александр Владимирович 
702 1 |a Атанасянц  |b А. Г.  |4 340 
712 0 2 |a Академия наук Молдавской ССР (АН МССР)  |b Институт прикладной физики  |c (Кишинев)  |2 stltpush  |3 (RuTPU)RU\TPU\col\11347 
801 1 |a RU  |b 63413507  |c 20140514 
801 2 |a RU  |b 63413507  |c 20150129  |g RCR 
942 |c BK